000 00537nam a2200181Ia 4500
999 _c20567
_d20567
003 OSt
005 20201110103424.0
008 190216s9999||||xx |||||||||||||| ||und||
020 _a9780521484787
040 _coclc
082 _a823.914
_bBAR/H
100 _aBarnes, Julian
_96372
245 0 _aA History Of The World In 10 1/2 Chapters /
_cJulian Barnes
260 _bCambridge Uty Press,
_c1995.
_aNew York:
300 _a349p
650 _aWorld History
942 _cBK
_2ddc
_h823.914
_iBAR/H
_k823.914
_mBAR/H